Memoria : saneamiento de las poblaciones : condiciones higiénicas de la urbe : su mejoramiento : disminución de la mortalidad de sus habitantes y aumento de la vida media de los mismos / por Pedro García Fária ; [precedida de un prólogo por Luis Góngora] saneamiento de las poblaciones :
Descripción Física:
VII, 108 p., 8 f. dobles, II p. ; 22 cm
Otros Autores:
Góngora, Luis
MARC
| LEADER | 00000nam a2200000Ia 4500 | ||
|---|---|---|---|
| 001 | 22955 | ||
| 008 | 160829s1884 xx 000 0 cat d | ||
| 080 | |a RF-16-23 | ||
| 100 | |a García Faria, Pedro |9 44603 | ||
| 245 | |a Memoria : |b saneamiento de las poblaciones : |b condiciones higiénicas de la urbe : |b su mejoramiento : |b disminución de la mortalidad de sus habitantes y aumento de la vida media de los mismos / por Pedro García Fária ; [precedida de un prólogo por Luis Góngora] | ||
| 260 | |a Barcelona : |b Imprenta de los sucesores de N. Ramírez y Comp., |c 1884 | ||
| 300 | |a VII, 108 p., 8 f. dobles, II p. ; |c 22 cm | ||
| 590 | |a Al peu d'impremta de la coberta: 1885. | ||
| 590 | |a Dedicatòria i signatura manuscrita de l'autor. | ||
| 590 | |a Prové de la caixeta de Casa de Caritat núm. 2514, any 1885 | ||
| 650 | |a Sanejament |x Barcelona (Catalunya) |x S. XIX |9 44605 | ||
| 700 | 1 | |a Góngora, Luis |9 44606 | |
| 856 | 4 | |u https://media.diba.cat/diba/fitxers/arxiu/fulletons/bib_22955_1884_baixa.pdf |y Accés lliure | |
| 856 | 4 | |u https://media.diba.cat/diba/fitxers/arxiu/fulletons/bib_22955_1884_baixa.pdf |y Accés lliure | |
| 901 | |a Arxiu | ||
| 942 | |n 1 |2 udc | ||
| 952 | |0 0 |1 0 |4 0 |6 RF1623 |7 1 |9 52033 |a Arxiu |b Arxiu |d 2016-12-01 |l 0 |o RF-16-23 |p 22955 |r 2016-12-01 00:00:00 |w 2016-12-01 |y ARXIU | ||
| 999 | |c 55881 |d 55881 | ||
| 900 | |a bib_22955_1884_baixa.pdf | ||